000 00475nam a22001697a 4500
003 BD-ChCU
005 20260216093604.0
008 260216b bg ||||| |||| 00| 0 ben d
040 _cBD-ChCU
082 _a378.1 TAH
100 _aTaylor, Harold.
_920321
245 _aHow to change colleges :
_bnotes on radical reform.//
_cTaylor, Harold.
260 _aNew York.
_bHolt.
_c1971
300 _axi, 180p
650 0 _aColleges and Universities.
_920323
942 _2ddc
_cBK
_n0
999 _c111607
_d111607